Sabrina Carpenter - Chansons non-réalisées - Statistiques

Statistiques générales
  • Ce quiz a été pris 5 fois
  • Le résultat moyen est 3 sur 85
Statistiques - réponses
Hint Réponse % Correct
E Enjoy the summer
50%
W Wife
50%
A April fool
25%
B Before i had love
25%
B Blueprint
25%
C Cruise
25%
L Lady Monroe
25%
S Space and dust
25%
W We Both Know (With Joshua Bassett)
25%
W Why so sexy?
25%
Chiffre 23
0%
A All eyes are witness
0%
A Alone Time
0%
B Back Again (With Cheat Codes)
0%
B Back To Simple
0%
B Bad at breaking up
0%
B Bad person
0%
B Breakup vacation
0%
B Broke my phone
0%
D Damn
0%
D Die alone
0%
D Dream girl
0%
E Edge Of My Heart
0%
E Experimental
0%
F Fast as I can
0%
F Fever dream
0%
F Funny (With Joshua Bassett)
0%
G Garden
0%
G Get in your way
0%
G Get Used To
0%
G Giving up
0%
G Good Problem To Have
0%
G Group therapy
0%
H Here Come The Wolves
0%
H Holla
0%
I I hate you
0%
I I'm fine
0%
I I'm Not Dead Yet
0%
I Imperfectly
0%
I It gets better
0%
I It's My Turn
0%
J Just how i imagined you
0%
J Just in case
0%
J Just karaoke
0%
L Last one you love
0%
L Like It
0%
L Linger
0%
L Lingerie (Take You Back)
0%
L Love Me Later
0%
L Love you anyway
0%
M Mac on vinyl
0%
M Mad Love
0%
M My Eyes On You
0%
N Need u
0%
N New Places
0%
O Off script
0%
O Old Me
0%
O Out Loud
0%
P Permission
0%
P Pretty shit
0%
P Psychology
0%
P Public
0%
R Red flags
0%
S Sir
0%
S Soulmate (Ft. Steph Jones)
0%
S Staring
0%
S Stay
0%
S Stay away from me
0%
S Still Waters Run Deep
0%
S Strawberry moon
0%
S Symptoms
0%
T Talkling Just To Talk
0%
T Tell me what's on your mind
0%
T The one
0%
T The real thing
0%
T Third parties
0%
U Upstairs
0%
V Vogue
0%
W Waiting room
0%
W Wasn't love
0%
W What you want
0%
X Xperience
0%
Y You make it easy
0%
Y Your existence
0%
Y Your side
0%
Aucun quiz correspondant
Distribution des résultats
% des personnes avec chaque résultat
Percentile par nombre de réponses
Votre historique - résultats
Vous n’avez pas pris ce quiz